000 00371nam a22001577a 4500
005 20160513113259.0
008 160513b xxu||||| |||| 00| 0 eng d
020 _a0-07-044575-3
041 _aeng
082 _b1894
100 _aS.W.Jawadekar
_9555
245 _aManagement Information System.
260 _bMCGRAW HILL
_c2004
650 _aManagement
_9241
942 _cBK
999 _c723
_d723